| 000 | 00496nam a22001937a 4500 | ||
|---|---|---|---|
| 003 | SISC | ||
| 005 | 20160318082311.0 | ||
| 008 | 130723t xxu||||| |||| 00| 0 eng d | ||
| 020 | _a9781853262227 | ||
| 050 |
_aPR 6013 _b.G178 1994 |
||
| 082 |
_aCLA G13i _b1994 |
||
| 100 |
_aGalsworthy, John _93233 |
||
| 245 |
_aIn chancery / _cJohn Galsworthy. |
||
| 260 |
_aLondon : _bWordsworth Classics, _cc1994. |
||
| 300 |
_a229 p.: _c20 cm. |
||
| 562 | _e1 | ||
| 942 |
_2lcc _cBK |
||
| 999 |
_c7490 _d7490 |
||